Electronic processes in materials

Guardado en:
Detalles Bibliográficos
Autores principales: Azároff, Leonid V (Autor), Brophy, James J (Autor)
Formato: Libro
Lenguaje:inglés
Publicado: New York : McGraw-Hill, 1963
Etiquetas: Agregar Etiqueta
Sin Etiquetas, Sea el primero en etiquetar este registro!

MARC

LEADER 00000nam a22000003a 4500
001 stu202354
005 20150617230108.4
008 100416s1963----xxu-----------------eng-d
040 |a STU  |b slo 
041 0 |a eng 
044 |a xxu 
080 |a 537/539.2 
100 1 |a Azároff, Leonid V  |4 aut 
245 1 |a Electronic processes in materials 
260 |a New York :  |b McGraw-Hill,  |c 1963 
300 |a 15, 462 s 
700 1 |a Brophy, James J  |4 aut 
996 |b E31969  |c E*31969  |l EE11  |s P  |a 0  |w stu202354_0001